<?xml version='1.0' encoding='UTF-8'?><?xml-stylesheet href='static/style.xsl' type='text/xsl'?><OAI-PMH xmlns="http://www.openarchives.org/OAI/2.0/" xmlns:xsi="http://www.w3.org/2001/XMLSchema-instance" xsi:schemaLocation="http://www.openarchives.org/OAI/2.0/ http://www.openarchives.org/OAI/2.0/OAI-PMH.xsd"><responseDate>2026-05-01T11:49:15Z</responseDate><request verb="GetRecord" identifier="oai:ebiltegia.mondragon.edu:20.500.11984/5100" metadataPrefix="marc">https://ebiltegia.mondragon.edu/oai/request</request><GetRecord><record><header><identifier>oai:ebiltegia.mondragon.edu:20.500.11984/5100</identifier><datestamp>2024-01-04T21:57:04Z</datestamp><setSpec>com_20.500.11984_1736</setSpec><setSpec>com_20.500.11984_1627</setSpec><setSpec>col_20.500.11984_1972</setSpec></header><metadata><record xmlns="http://www.loc.gov/MARC21/slim" xmlns:dcterms="http://purl.org/dc/terms/" xmlns:xsi="http://www.w3.org/2001/XMLSchema-instance" xmlns:doc="http://www.lyncode.com/xoai" xsi:schemaLocation="http://www.loc.gov/MARC21/slim http://www.loc.gov/standards/marcxml/schema/MARC21slim.xsd">
   <leader>00925njm 22002777a 4500</leader>
   <datafield ind2=" " ind1=" " tag="042">
      <subfield code="a">dc</subfield>
   </datafield>
   <datafield ind2=" " ind1=" " tag="720">
      <subfield code="a">Mondragon Unibertsitatea</subfield>
      <subfield code="e">author</subfield>
   </datafield>
   <datafield ind2=" " ind1=" " tag="260">
      <subfield code="c">2017-11-30</subfield>
   </datafield>
   <datafield ind2=" " ind1=" " tag="520">
      <subfield code="a">Ane Nafarrate, Jone Serrador, Aitziber Gimenez de Aberasturi eta Xabier Martin Ikus-entzunezko Komunikazioa Graduko ikasleek  osatutako taldeak irabazi du EDIT 2017 Video Challenge lehiaketako bigarren saria. Gainera, fakultateko ikasleek aurkeztutako bideo guztietatik lauk lortu dute 13 bideo onenen zerrendan egotea. Fakultateko Hezkuntza eta Ikus-entzunezko Komunikazioa Graduetako ikesleek hartzen dute parte hezkuntzari buruzko nazioarteko bideo rally honetan. Oraingo edizioan, guztira, 79 lan aurkeztu dira.</subfield>
   </datafield>
   <datafield ind2=" " ind1=" " tag="520">
      <subfield code="a">Los  estudiantes del Grado de Audiovisuales Ane Nafarrate, Jone Serrador, Aitziber Gimenez de Aberasturi y Xabier Martin han resultado ganadores del segundo premio en el rally internacional de vídeos educativos EDIT 2017 Video Challenge. Además, cuatro de los videos presentados por estudiantes de la Facultad de Humanidades y Ciencias de la Educación se han clasificado en la lista  de los 13 mejores videos a concurso. Al concurso  EDIT 2017 Video Challenge se presentan estudiantes tanto de los grados de Educación como del de Audiovisuales. En total, en la presente edición han concursado 79 trabajos.</subfield>
   </datafield>
   <datafield ind1="8" ind2=" " tag="024">
      <subfield code="a">https://www.youtube.com/playlist?list=PLchoC6D8QCxSHBBu81nG6E9psHy_U9DT1</subfield>
   </datafield>
   <datafield ind1="8" ind2=" " tag="024">
      <subfield code="a">https://www.youtube.com/embed/cJ7HQTmtdUQ</subfield>
   </datafield>
   <datafield ind1="8" ind2=" " tag="024">
      <subfield code="a">https://www.youtube.com/embed/SjAxXTS60as</subfield>
   </datafield>
   <datafield ind1="8" ind2=" " tag="024">
      <subfield code="a">https://www.youtube.com/embed/xeDfHUu3E8s</subfield>
   </datafield>
   <datafield ind1="8" ind2=" " tag="024">
      <subfield code="a">https://www.youtube.com/embed/28SdLsNelME</subfield>
   </datafield>
   <datafield ind1="8" ind2=" " tag="024">
      <subfield code="a">https://hdl.handle.net/20.500.11984/5100</subfield>
   </datafield>
   <datafield tag="653" ind2=" " ind1=" ">
      <subfield code="a">Humanitate eta Hezkuntza Zientzien Fakultatea</subfield>
   </datafield>
   <datafield ind2="0" ind1="0" tag="245">
      <subfield code="a">Fakultateko ikasle talde batek irabazi du bigarren saria EDIT 2017 Video Challenge lehiaketan</subfield>
   </datafield>
   <datafield ind2="0" ind1="0" tag="245">
      <subfield code="a">Estudiantes de la facultad ganan el segundo premio en el concurso de vídeos educativos EDIT 2017 Video Challenge</subfield>
   </datafield>
</record></metadata></record></GetRecord></OAI-PMH>